000 01027nas a2200289 4500
001 BR8705257
003 BR-BrBNA
005 20231205090757.0
007 ta
008 230509b bl.|||p| |||| 00| 00por d
040 _aBR-BrBNA
_bpor
_cBiblioteca Nacional de Agricultura
041 _a(Pt)
072 _aP34; F04
100 1 _aColozzi-Filho, A.
100 1 _aSiqueira, J.O.
245 1 _aMicorrizas vesiculo-arbusculares em mudas de cafeeiro, 1: efeitos de Gigaspora margarita e adubacao fosfatada no crescimento e nutricao
246 1 _aVezicular-arbuscular mycorrhiza in coffee seedlings, 1: effects of Gigaspora margarita and phosphate additions on plant growth and nutrition
650 _aCAFE
650 _aMICORRIZA
650 _aMUDA
650 _aFOSFORO
650 _aADUBACAO
650 _aINOCULACAO
773 0 _tRevista Brasileira de Ciencia do Solo (Brazil)
_xISSN 0100-0683
_g(Sep-Dec 1986), v. 10(3) p. 199-205
_wBR8705257
909 _a202311
_bLúcia
_c55
_dLúcia Elande
942 _2AGRIS
_n0
_cANA
999 _c120785
_d120785